02725cam a22003617i 4500999001700000001000900017003000900026005001700035008004100052020001800093035002400111040006600135082002200201245007300223264004300296300006400339336003300403336002600436337002800462338002700490500016700517500001700684520122000701650006101921653002001982655002402002700002802026700002802054710007002082906004502152942001202197952015402209 c29311d2928219427460EG-ScBUE20210803110907.0170104s2015 it a f c 000 0 eng d a9788857228242 a(OCoLC)ocn946155995 aYDXCPbengerdacYDXCPdOCLCOdOCLCFdIQUdCUSdDLCdEG-ScBUE04a779.0922bREG22200aReGeneration3 /c[curated and edited by] Anne Lacoste, Lydia Dorner. 1aMilano, Italy :bSkira Editore,c2015. a176 pages :bchiefly illustrations (chiefly color) ;c30 cm astill imagebsti2rdacontent atextbtxt2rdacontent aunmediatedbn2rdamedia avolumebnc2rdacarrier aPublished on the occasion of the exhibition "reGeneration3: Which approaches to photography?" held at the Musée de l'Elysée, Lausanne, May 29-August 23, 2015. aCover title.8 aReGeneration3' brings together fifty artists with twenty-five different nationalities, representing some forty art institutions. Their work is distinguished by their multidisciplinarity, ranging from printing and photographic series, artists'; books, multimedia installations, videos, projections, films and performances, to on-site installations.0The format of the book devoted to 'reGeneration3' takes the ever-growing popularity of the photography book into account. The book is designed by graphic artists from the SUPERO studios and co-produced by Skira editore. It testifies to the museum's interest in artists'; books and to its commitment to giving priority to the image. The integration of augmented reality in the two versions of the book; French and English & allows access to the video and multimedia works presented in the exhibition. The texts can be found at the end of the book. They include a postface by Tatyana Franck, the presentation of this new edition by Anne Lacoste, and biographical and descriptive notes concerning the works of the 50 artists chosen, written by Lydia Dorner, Emilie Delcambre and Saida Bondini. Exhibition: Musée de l'Elysée, Lausanne, Switzerland (29.05-23.08.2015). 7aPhotography, Artisticy21st centuryvExhibitions.2BUEsh bARTcAugust2021 vReading book9342321 aLacoste, Anne,eeditor.1 aDorner, Lydia,eeditor.2 aMusée de l'Elysée (Lausanne, Switzerland),ehost institution. a7bcbcccopycatd2encipf20gy-gencatlg 2ddccBB 00102ddc40708AlahramaMAINbMAINc2NDd2021-08-03ePurchaseg499.00h275l0o779.0922 REGp000050476r2025-07-15 00:00:00v623.75w2021-08-03yBB